000
00219nam a2200097Ia 4500
008
240331s9999 xx 000 0 und d
082
_b
SEN
100
_a
Seneviratne, M
245
0
_a
Search for a Tamil homeland
942
_c
L
999
_c
2039
_d
2039